书目信息 |
| 题名: |
怎样养好茉莉
|
|
| 作者: | 申功进 , 邵志和 著 | |
| 分册: | ||
| 出版信息: | 上海 上海文化出版社 1983 |
|
| 页数: | 23页 | |
| 开本: | 19cm | |
| 丛书名: | ||
| 单 册: | ||
| 中图分类: | S68 , S685.16 | |
| 科图分类: | ||
| 主题词: | 茉莉--栽培 , 花卉 , 园林树木 , 观赏园艺 | |
| 电子资源: | ||
| ISBN: | ||
| 000 | 00740nam0 2200289 45 | |
| 001 | 0183001210 | |
| 005 | 20060816173539.84 | |
| 010 | @dCNY0.11 | |
| 091 | @a16077.3009 | |
| 100 | @a19950629d1983 em y0chiy0121 ea | |
| 101 | 0 | @achi |
| 102 | @aCN@b310000 | |
| 105 | @ay z 000yy | |
| 200 | 10 | @a怎样养好茉莉@Azen yang yang hao mo li@f申功进,邵志和著 |
| 210 | @a上海@c上海文化出版社@d1983 | |
| 215 | @a23页@d19cm | |
| 606 | @a茉莉@x栽培 | |
| 606 | 0 | @a花卉 |
| 606 | 0 | @a园林树木 |
| 606 | 0 | @a观赏园艺 |
| 690 | @aS68@v3 | |
| 690 | @aS685.16@v3 | |
| 701 | 0 | @a申功进@Ashen gong jin@4著 |
| 701 | 0 | @a邵志和@Ashao zhi he@4著 |
| 801 | 2 | @aCN@bNLC@c20060816 |
| 801 | 0 | @aCN@b上海图书馆@c20040521 |
| 905 | @f1@b92259@dS68@e23 | |
| 怎样养好茉莉/申功进,邵志和著.-上海:上海文化出版社,1983 |
| 23页;19cm |
| ISBN :CNY0.11 |
| ● |
| 相关链接 |
|
|
|
|
正题名:怎样养好茉莉
索取号:S68/23
 
预约/预借
| 序号 | 登录号 | 条形码 | 馆藏地/架位号 | 状态 | 备注 |
| 1 | 0092259 | 000718771 | 密集书库/ [索取号:S68/23] | 在馆 | |
| 2 | 0465124 | 204651242 | 密集书库/ [索取号:S68/23] | 在馆 |